000
00249 a2200109 4500
001
12918
090
_c
9901
_d
9901
100
_a
Kulemin,G.P
245
_a
Millimeter Wave Radar Targets and Clutter
260
_a
LONDON
_b
Artech House
_c
2003
300
_a
xi, 327
942
_a
NUST-CAE
999
_c
247991
_d
247991